Statystyki dla Powiaty Polski w roku 1939 (część II.)

Kliknij tutaj aby rozwiązać quiz!

Ogólne statystyki

  • Ten quiz został rozwiązany 58 razy
  • Średni wynik to 32 z 55

Odpowiedzi na mapie

Odpowiedzi skodowane kolorowo w zielono-czerwonej skali na mapie do tego quizu, zgodnie z poniższymi procentami.
 

Statystyki odpowiedzi

Odpowiedź% Poprawnych
Warszawa
100%
Łódź
88%
miasto Łódź
88%
miasto Radom
84%
Radom
84%
Płock
80%
Kielce
76%
Częstochowa
75%
miasto Częstochowa
75%
Ostrołęka
73%
Piotrków
73%
Mława
71%
Mińsk Mazowiecki
69%
Ostrów Mazowiecka
69%
Sandomierz
69%
Grójec
67%
Radomsko
67%
Skierniewice
67%
Ciechanów
65%
Płońsk
65%
Pułtusk
65%
Sieradz
65%
Kutno
59%
Łowicz
59%
Wieluń
59%
Garwolin
57%
Gostynin
57%
Sochaczew
57%
Kozienice
55%
Opatów
55%
Zawiercie
55%
Działdowo
53%
Łomża
53%
Maków Mazowiecki
53%
Sierpc
53%
Sosnowiec
53%
Jędrzejów
51%
Łęczyca
51%
Opoczno
51%
Rawa Mazowiecka
51%
Sokołów
51%
Węgrów
51%
Pińczów
49%
Przasnysz
49%
Włoszczowa
49%
Miechów
47%
Końskie
45%
Lask
43%
Brzeziny
41%
Olkusz
37%
Będzin
33%
Radzymin
22%
Błonie
16%
Iłża
10%
Stopnica
2%

Rozkład punktacji

Percentyl według liczby udzielonych odpowiedzi

Procent ludzi z każdym wynikiem

Twoja historia wyników

Nie rozwiązałeś tego quizu